LEADER 01199nam a2200265 i 4500 001 000000106168 003 CaOOAMICUS 005 20020424000000.0 008 020424s1999 it u000 u ita u 013 $a78362 020 $a88-343-0189-7 040 $aSeMil$bita 245 13$aIl ministero del Papa in prospettiva ecumenica :$batti del Colloquio, Milano, 16-18 aprile 1998 /$ca cura di Antonio Acerbi. 260 $aMilano :$bVita e Pensiero,$c1999. 300 $aVI, 338 p. ;$c22 cm. 490 0 $aScienze religiose ;$v10 650 4$aPietro - Primato.$0(OLS)http://semarc/subject/4313 700 1 $aAcerbi, Antonio <1935-2004>.$0(OLS)http://semarc/name/15858 830 0$aScienze religiose ;$v10.$0(OLS)http://semarc/title/6614 850 $aSeMil 852 $aSeMil$W1$xVenegono$y1$m3A III 150$j62320$B62320$CSeMilBibl$Z2$F71538 $81 961 $aAcquisto: Mescat 996 $6020$a88-343-0189-7$9(OLS)http://semarc/number/86649 996 $6245$aIl ministero del Papa in prospettiva ecumenica :$batti del Colloquio, Milano, 16-18 aprile 1998$9(OLS)http://semarc/title/153889 996 $6260$aMilano :$bVita e Pensiero$9(OLS)http://semarc/publisher/29642 LEADER 01397nam a2200289 i 4500 001 000000149983 003 CaOOAMICUS 005 20060601000000.0 008 060601s2004 it u000 u mul u 013 $a127315 020 $a88-7282-798-1 040 $aSeMil$bita 100 1 $aGiacometti, Giulio <1923-2011>.$0(OLS)http://semarc/name/8871 245 10$aDesiderio del Volto in Ambrogio e Agostino /$cGiulio Giacometti - Piero Sessa. 260 $aTavagnacco (UD) :$bEdizioni Segno,$cCopyr. 2004. 300 $a307 p. ;$cill. ;$c24 cm. 500 $aContiene : Bibliografia. - Lemmi Latini relativi alle parole sotto indicate, a cura di Beatrice Savino. - Dono del Card. Dionigi Tettamanzi. 650 4$aAmbrogio - Spiritualitą.$0(OLS)http://semarc/subject/17094 650 4$aAgostino, Aurelio - Spiritualitą.$0(OLS)http://semarc/subject/17116 700 1 $aSessa, Piero <1934-2008>.$0(OLS)http://semarc/name/8872 850 $aSeMil 852 $aSeMil$W1$xVenegono$y1$m2T V 14$j102161$B102161$CSeMilBibl$Z2$F112843 $81 941 1 $a5 961 $aOmaggio: Tettamanzi Card. Dionigi 996 $6020$a88-7282-798-1$9(OLS)http://semarc/number/139278 996 $6245$aDesiderio del Volto in Ambrogio e Agostino$9(OLS)http://semarc/title/219281 996 $6260$aTavagnacco (UD) :$bEdizioni Segno$9(OLS)http://semarc/publisher/35221